| Tag |
First Indicator |
Second Indicator |
Subfields |
| LEADER |
00000cam a2200000 i 4500 |
| 001 |
in00004356113 |
| 006 |
m o d |
| 007 |
cr ||||||||||| |
| 008 |
181221s2019 nyu ob 001 0 eng |
| 005 |
20250816191521.4 |
| 010 |
|
|
|a 2020693627
|
| 020 |
|
|
|a 9780429557293
|q (ebook)
|
| 020 |
|
|
|a 0429557299
|
| 020 |
|
|
|z 9780367203184
|q (hardcover)
|
| 020 |
|
|
|z 9780367203191
|q (pbk.)
|
| 020 |
|
|
|a 9780429262227
|q (electronic bk.)
|
| 020 |
|
|
|a 0429262221
|q (electronic bk.)
|
| 020 |
|
|
|a 9780429561764
|q (electronic bk. ;
|q Mobipocket)
|
| 020 |
|
|
|a 0429561768
|q (electronic bk. ;
|q Mobipocket)
|
| 020 |
|
|
|a 9780429552823
|q (electronic bk. ;
|q PDF)
|
| 020 |
|
|
|a 0429552823
|q (electronic bk. ;
|q PDF)
|
| 020 |
|
|
|z 0367203189
|
| 020 |
|
|
|z 0367203197
|
| 024 |
8 |
|
|a 99985466967
|
| 035 |
|
|
|a (DLC)ybp15899805
|
| 037 |
|
|
|a 9780429262227
|b Taylor & Francis
|
| 040 |
|
|
|a NhCcYBP
|c NhCcYBP
|d UtOrBLW
|
| 042 |
|
|
|a pcc
|
| 043 |
|
|
|a n-us---
|
| 050 |
|
4 |
|a HD8081.H7
|b C4 2019
|
| 072 |
|
7 |
|a BUS
|x 038000
|2 bisacsh
|
| 072 |
|
7 |
|a POL
|x 013000
|2 bisacsh
|
| 072 |
|
7 |
|a SOC
|x 000000
|2 bisacsh
|
| 072 |
|
7 |
|a SOC
|x 026000
|2 bisacsh
|
| 072 |
|
7 |
|a SOC
|x 044000
|2 bisacsh
|
| 072 |
|
7 |
|a JHB
|2 bicssc
|
| 082 |
0 |
0 |
|a 331.6/368073
|2 23
|
| 100 |
1 |
|
|a Chávez, Maria,
|d 1968-
|e author.
|0 http://id.loc.gov/authorities/names/n2011016338
|
| 245 |
1 |
0 |
|a Latino professionals in America :
|b testimonios of policy, perseverance, and success /
|c by Maria Chávez.
|
| 264 |
|
1 |
|a New York, NY :
|b Routledge, Taylor & Francis Group,
|c 2019.
|
| 300 |
|
|
|a 1 online resource.
|
| 336 |
|
|
|a text
|b txt
|2 rdacontent
|
| 337 |
|
|
|a computer
|b c
|2 rdamedia
|
| 338 |
|
|
|a online resource
|b cr
|2 rdacarrier
|
| 504 |
|
|
|a Includes bibliographical references and index.
|
| 505 |
0 |
|
|a Introduction: metamorphosis -- The pioneers: how Latino professionals overcame obstacles through public policies and mentors -- The warriors: Latino testimonios from the professionals -- The leaders: "our lived experiences: that's where the power resides" -- On making it, motivations, and persistent systemic barriers -- Conclusion: solutions for increasing the numbers of Latino professionals.
|
| 588 |
|
|
|a Description based on print version record.
|
| 500 |
|
|
|a Electronic resource.
|
| 650 |
|
0 |
|a Hispanic Americans in the professions.
|0 http://id.loc.gov/authorities/subjects/sh96010090
|
| 650 |
|
0 |
|a Hispanic Americans
|x Employment.
|0 http://id.loc.gov/authorities/subjects/sh85061054
|
| 650 |
|
0 |
|a Discrimination in employment
|z United States.
|0 http://id.loc.gov/authorities/subjects/sh85038390
|
| 650 |
|
0 |
|a Hispanic Americans
|x Social conditions.
|0 http://id.loc.gov/authorities/subjects/sh2008105642
|
| 650 |
|
0 |
|a Racism
|z United States.
|0 http://id.loc.gov/authorities/subjects/sh2008110339
|
| 655 |
|
7 |
|a Electronic books.
|2 local
|
| 710 |
2 |
|
|a Taylor & Francis.
|0 http://id.loc.gov/authorities/names/n84073022
|
| 776 |
1 |
8 |
|i Print version:
|t Latino professionals in America
|d New York, NY : Routledge, 2019.
|z 9780367203184 (hardcover)
|w (DLC) 2018058021
|
| 856 |
4 |
0 |
|u http://proxy.library.tamu.edu/login?url=https://www.taylorfrancis.com/books/9780429262227
|z Connect to the full text of this electronic book
|t 0
|
| 945 |
|
|
|b 634297
|
| 955 |
|
|
|a YBP purchased firm e-records
|
| 980 |
|
|
|b 175.00
|g 1
|
| 999 |
f |
f |
|s 6e51405b-420e-3e7a-99d5-1b0cb6530b9e
|i 554bf80d-b33e-3b0f-8882-c9195fcce019
|t 0
|
| 952 |
f |
f |
|a Texas A&M University
|b College Station
|c Electronic Resources
|d Available Online
|t 0
|e HD8081.H7 C4 2019
|h Library of Congress classification
|
| 998 |
f |
f |
|a HD8081.H7 C4 2019
|t 0
|l Available Online
|